000
00373nam a2200145Ia 4500
008
231129s1997||||xx |||||||||||||| ||spa||
020
_a
958-04-2464-0
040
_b
spa
082
_a
(i) 808.068543 P258a
100
_a
Parramon Homs Jose Maria
245
0
_a
Los abuelos
260
_c
1997
264
_a
Parramon
942
_2
ddc
_c
BKS
999
_c
19455
_d
19455